[Event "Paleochora op 13th"]
[Site "Paleochora"]
[Date "2020.07.19"]
[Round "2"]
[White "Papadopoulos, Georgios1111"]
[Black "Disha, Beshim"]
[Result "1-0"]
[WhiteElo "2347"]
[BlackElo "2058"]
[PlyCount "57"]
[EventDate "2020.07.18"]
[EventType "swiss"]
[EventRounds "9"]
[EventCountry "GRE"]
[SourceTitle "EXT 2021"]
[Source "ChessBase"]
[SourceDate "2020.10.23"]
[SourceVersion "1"]
[SourceVersionDate "2020.10.23"]
[SourceQuality "1"]

1. d4 Nf6 2. Bf4 d6 3. Nc3 Nbd7 4. Nf3 c5 5. d5 g6 6. e4 Bg7 7. Be2 0-0 8. 0-0 a6 9. a4 Ng4 10. Nd2 Ngf6 11. Nc4 Ne8 12. Qd2 Rb8 13. a5 Nc7 14. Bh6 Nb5 15. Bxg7 Kxg7 16. Na4 Nf6 17. f3 Nd4 18. Bd1 Qc7 19. c3 Nb5 20. Be2 e5 21. f4 exf4 22. Rxf4 Qe7 23. Raf1 Ng4 24. Nab6 Ne5 25. Nxe5 dxe5 26. Rf6 Nd6 27. Qg5 Re8 28. Qh4 Nxe4 29. Rxf7+ 1-0

[Event "Thessaloniki Vardaris op 6th"]
[Site "Thessaloniki"]
[Date "2020.02.29"]
[Round "4"]
[White "Trimitzios, Petros"]
[Black "Disha, Beshim"]
[Result "1-0"]
[WhiteElo "2353"]
[BlackElo "2073"]
[PlyCount "89"]
[EventDate "2020.02.27"]
[EventType "swiss"]
[EventRounds "7"]
[EventCountry "GRE"]
[SourceTitle "CBM 195 Extra"]
[Source "ChessBase"]
[SourceDate "2020.05.31"]
[SourceVersion "1"]
[SourceVersionDate "2020.05.31"]
[SourceQuality "1"]

1. d4 Nf6 2. c4 e6 3. Nf3 d5 4. Nc3 a6 5. cxd5 exd5 6. Bg5 Be7 7. e3 0-0 8. Bd3 c6 9. 0-0 Bg4 10. h3 Bxf3 11. Qxf3 Nbd7 12. Rfe1 Re8 13. Re2 Nf8 14. Rae1 Ne4 15. Bf4 Nxc3 16. bxc3 Bd6 17. e4 Bxf4 18. Qxf4 Ng6 19. Qg3 dxe4 20. Bxe4 Kf8 21. Qf3 Qd6 22. g3 Qf6 23. Qh5 h6 24. Re3 Re6 25. Kg2 Rae8 26. h4 Kg8 27. Qg4 Nf8 28. h5 Qg5 29. Qf3 Qa5 30. R1e2 Qc7 31. c4 Kh8 32. g4 Rf6 33. Qg3 Qxg3+ 34. Kxg3 Rd8 35. d5 c5 36. Bd3 Rfd6 37. Re7 R6d7 38. Bf5 Rxe7 39. Rxe7 g6 40. Be4 b5 41. cxb5 axb5 42. Rxf7 gxh5 43. gxh5 Nd7 44. d6 Ne5 45. Re7 1-0

[Event "FRM-ch op 25th"]
[Site "Struga"]
[Date "2016.07.16"]
[Round "1"]
[White "Disha, Beshim"]
[Black "Pasko, Llambi"]
[Result "1/2-1/2"]
[WhiteElo "1993"]
[BlackElo "2343"]
[PlyCount "59"]
[EventDate "2016.07.16"]
[EventType "swiss"]
[EventRounds "9"]
[EventCountry "MKD"]
[SourceTitle "CBM 173 Extra"]
[Source "ChessBase"]
[SourceDate "2016.08.29"]
[SourceVersion "1"]
[SourceVersionDate "2016.08.29"]
[SourceQuality "1"]

1. c4 Nf6 2. Nc3 g6 3. g3 d6 4. Bg2 Bg7 5. e3 0-0 6. Nge2 e5 7. 0-0 Nc6 8. a3 Be6 9. d3 d5 10. cxd5 Nxd5 11. Qc2 Nxc3 12. bxc3 Bd5 13. e4 Be6 14. Rb1 Rb8 15. Be3 Qd6 16. a4 f5 17. f4 Kh8 18. Kh1 fxe4 19. Bxe4 Bd5 20. fxe5 Bxe5 21. Bf4 Bxe4+ 22. dxe4 Qe7 23. Rfe1 g5 24. Be3 Rfd8 25. Rf1 Re8 26. Nd4 Nxd4 27. Bxd4 Bxd4 28. cxd4 Qxe4+ 29. Qxe4 Rxe4 30. Rf7 1/2-1/2

[Event "Pristina op"]
[Site "Pristina"]
[Date "2015.06.18"]
[Round "7"]
[White "Gradeci, Muhamet"]
[Black "Disha, Beshim"]
[Result "0-1"]
[WhiteElo "1726"]
[BlackElo "2009"]
[PlyCount "76"]
[EventDate "2015.06.13"]
[EventType "swiss"]
[EventRounds "9"]
[EventCountry "KOS"]
[SourceTitle "CBM 167 Extra"]
[Source "ChessBase"]
[SourceDate "2015.09.14"]
[SourceVersion "1"]
[SourceVersionDate "2015.09.14"]
[SourceQuality "1"]

1. d4 Nf6 2. c4 e6 3. Nc3 Bb4 4. Qc2 c5 5. e3 Nc6 6. Nf3 d6 7. Be2 e5 8. dxe5 dxe5 9. 0-0 Bxc3 10. Qxc3 Qe7 11. a3 Bg4 12. Qc2 0-0 13. b3 e4 14. Ne1 Rfd8 15. Bb2 Bf5 16. Qc3 Re8 17. Nc2 Ne5 18. Qxe5 Qxe5 19. Bxe5 Rxe5 20. Rfd1 Rc8 21. b4 b6 22. Kf1 Kf8 23. Ke1 Ng4 24. bxc5 bxc5 25. Bxg4 Bxg4 26. Rd5 Rxd5 27. cxd5 f5 28. Kd2 Rd8 29. Kc3 Rxd5 30. Ne1 Be2 31. Rb1 Rd7 32. Rb2 Bf1 33. Rd2 Rxd2 34. Kxd2 Ke7 35. Kc3 Kd6 36. g3 Kc6 37. f3 g5 38. fxe4 fxe4 0-1

[Event "Pristina op"]
[Site "Pristina"]
[Date "2015.06.13"]
[Round "1"]
[White "Disha, Beshim"]
[Black "Arnaudov, Petar G"]
[Result "0-1"]
[WhiteElo "2009"]
[BlackElo "2462"]
[PlyCount "51"]
[EventDate "2015.06.13"]
[EventType "swiss"]
[EventRounds "9"]
[EventCountry "KOS"]
[SourceTitle "CBM 167 Extra"]
[Source "ChessBase"]
[SourceDate "2015.09.14"]
[SourceVersion "1"]
[SourceVersionDate "2015.09.14"]
[SourceQuality "1"]

1. c4 Nf6 2. Nf3 e6 3. Nc3 Bb4 4. d4 Nc6 5. Bg5 h6 6. Bxf6 Qxf6 7. e3 d6 8. Bd3 e5 9. dxe5 Bxc3+ 10. bxc3 Nxe5 11. Nxe5 Qxe5 12. Qc2 0-0 13. 0-0 c6 14. Rab1 Re8 15. Rfe1 Re7 16. Rbd1 Qc5 17. Rd2 Be6 18. h3 a6 19. Red1 Rd7 20. Qb2 b5 21. cxb5 axb5 22. Bb1 Ra3 23. Rc1 Bc4 24. Qc2 g6 25. Qe4 Kf8 26. Qd4 0-1

[Event "Heraklion op 6th"]
[Site "Heraklion"]
[Date "2010.08.26"]
[Round "6"]
[White "Anastasopoulou, Andrianna"]
[Black "Disha, Beshim"]
[Result "0-1"]
[WhiteElo "1715"]
[BlackElo "2043"]
[PlyCount "50"]
[EventDate "2010.08.22"]
[EventType "swiss"]
[EventRounds "9"]
[EventCountry "GRE"]
[SourceTitle "CBM 138 Extra"]
[Source "ChessBase"]
[SourceDate "2010.10.29"]
[SourceVersion "1"]
[SourceVersionDate "2010.10.29"]
[SourceQuality "1"]

1. d4 Nf6 2. c4 e6 3. Nc3 b6 4. Bg5 Bb7 5. e3 Be7 6. Nf3 h6 7. Bh4 0-0 8. Be2 d5 9. cxd5 Nxd5 10. Bxe7 Qxe7 11. 0-0 Nd7 12. Rc1 Rac8 13. Nxd5 Bxd5 14. Ba6 Ra8 15. Rxc7 Qd6 16. Qc2 Nc5 17. dxc5 Qxc7 18. b4 bxc5 19. b5 f5 20. Nd2 Qa5 21. Nc4 Qb4 22. Rc1 Rad8 23. f3 Bxc4 24. Qxc4 Rd1+ 25. Rxd1 Qxc4 0-1

[Event "Heraklion op 6th"]
[Site "Heraklion"]
[Date "2010.08.25"]
[Round "5"]
[White "Disha, Beshim"]
[Black "Klokas, Konstantinos"]
[Result "0-1"]
[WhiteElo "2043"]
[BlackElo "2161"]
[PlyCount "78"]
[EventDate "2010.08.22"]
[EventType "swiss"]
[EventRounds "9"]
[EventCountry "GRE"]
[SourceTitle "CBM 138 Extra"]
[Source "ChessBase"]
[SourceDate "2010.10.29"]
[SourceVersion "1"]
[SourceVersionDate "2010.10.29"]
[SourceQuality "1"]

1. d4 c5 2. d5 e6 3. c4 exd5 4. cxd5 Nf6 5. Nc3 d6 6. e4 g6 7. Nf3 Bg7 8. Be2 0-0 9. 0-0 Na6 10. Bf4 Nh5 11. Bg5 f6 12. Be3 f5 13. exf5 gxf5 14. Bg5 Bf6 15. Qd2 Nc7 16. Rfe1 Bd7 17. a4 b6 18. Bh6 Bg7 19. Bxg7 Nxg7 20. Nb5 Nce8 21. Bc4 a6 22. Nc3 Nc7 23. Ng5 Qf6 24. Ne6 Rfc8 25. Qf4 Nge8 26. Re3 b5 27. Rg3+ Kh8 28. Rg5 Bxe6 29. dxe6 Ng7 30. axb5 axb5 31. Rxa8 Rxa8 32. Nxb5 Ra1+ 33. Bf1 Nxb5 34. g4 Nxe6 35. Qxf5 Qxg5 36. Qxe6 Nd4 37. Qe8+ Qg8 38. Qd7 Nf3+ 39. Kg2 Ne5 0-1

[Event "Heraklion Gazi op"]
[Site "Heraklion"]
[Date "2006.08.31"]
[Round "1"]
[White "Vourvahaki, Maria"]
[Black "Disha, Beshim"]
[Result "0-1"]
[WhiteElo "1005"]
[BlackElo "1465"]
[PlyCount "64"]
[EventDate "2006.08.31"]
[EventType "swiss"]
[EventRounds "7"]
[EventCountry "GRE"]
[SourceTitle "EXT 2008"]
[Source "ChessBase"]
[SourceDate "2007.11.25"]
[SourceVersion "1"]
[SourceVersionDate "2007.11.25"]
[SourceQuality "1"]

1. e4 c5 2. c4 Nc6 3. Nf3 g6 4. g3 Bg7 5. Bh3 d6 6. Bxc8 Qxc8 7. Nc3 Qh3 8. d3 0-0-0 9. Be3 Nh6 10. Ng5 Qg2 11. Qf3 Qxf3 12. Nxf3 Ng4 13. Ng5 Rdf8 14. h3 Nxe3 15. fxe3 Ne5 16. d4 Nd3+ 17. Ke2 Nxb2 18. Nd5 e6 19. Nc3 cxd4 20. exd4 Bxd4 21. Nb5 Bc5 22. Rac1 a6 23. Nc3 h6 24. Nf3 Kb8 25. Nd2 Bd4 26. Nd1 Nxd1 27. Rcxd1 f5 28. exf5 Rxf5 29. Ne4 Bc5 30. Nxd6 Re5+ 31. Kf3 Rf8+ 32. Kg2 Re2# 0-1

[Event "Heraklion Gazi op"]
[Site "Heraklion"]
[Date "2005.10.01"]
[Round "5"]
[White "Kothris, Emmanouil"]
[Black "Disha, Beshim"]
[Result "0-1"]
[WhiteElo "1705"]
[BlackElo "1295"]
[PlyCount "45"]
[EventDate "2005.09.27"]
[EventType "swiss"]
[EventRounds "7"]
[EventCountry "GRE"]
[SourceTitle "EXT 2007"]
[Source "ChessBase"]
[SourceDate "2006.11.23"]
[SourceVersion "1"]
[SourceVersionDate "2006.11.23"]
[SourceQuality "1"]

1. d4 d5 2. c4 c6 3. cxd5 cxd5 4. g3 Nc6 5. Bg2 Nf6 6. Nc3 Bf5 7. a3 e6 8. Nf3 h6 9. b4 Rc8 10. Bb2 Be7 11. 0-0 0-0 12. Re1 Ne4 13. Nxe4 Bxe4 14. Qd2 Nxb4 15. axb4 Rc2 16. Qe3 Rxb2 17. Qa3 Rxb4 18. Qxa7 Qb8 19. e3 Bd6 20. Nd2 Bd3 21. Bf1 Bg6 22. Nb1 Qxa7 23. Rxa7 0-1

[Event "Heraklion Gazi op"]
[Site "Heraklion"]
[Date "2005.09.27"]
[Round "1"]
[White "Disha, Beshim"]
[Black "Michelidaki, Irma"]
[Result "0-1"]
[WhiteElo "1295"]
[BlackElo "1000"]
[PlyCount "38"]
[EventDate "2005.09.27"]
[EventType "swiss"]
[EventRounds "7"]
[EventCountry "GRE"]
[SourceTitle "EXT 2007"]
[Source "ChessBase"]
[SourceDate "2006.11.23"]
[SourceVersion "1"]
[SourceVersionDate "2006.11.23"]
[SourceQuality "1"]

1. e4 e5 2. c3 Nf6 3. d4 Nc6 4. Nd2 exd4 5. Ngf3 dxc3 6. bxc3 Bc5 7. Bc4 d6 8. Bb2 Bg4 9. Qe2 0-0 10. 0-0-0 Re8 11. e5 Rxe5 12. Ne4 Rxe4 13. Qc2 Rxc4 14. Ng5 Qd7 15. Kb1 Bf5 16. Rd3 Nb4 17. Qb3 Bxd3+ 18. Ka1 Nc2+ 19. Kb1 Nd4+ 0-1